| 000 | 00612nam a22001937a 4500 | ||
|---|---|---|---|
| 003 | OSt | ||
| 005 | 20120302150802.0 | ||
| 008 | 090811t xxu||||| |||| 00| 0 eng d | ||
| 035 | _a१२१०९ | ||
| 040 | _cमराठी | ||
| 100 |
_aकुलकर्णी, गं. वि. _98073 |
||
| 222 | _aसंत | ||
| 245 | _aभगवान श्री रमणमहर्षी | ||
| 250 | _a१ ली | ||
| 260 |
_aपुणे _bसंतकृपा _c१९८१ |
||
| 300 | _b७० पाने | ||
| 440 |
_aसंत चरित्रमाला : ८ _98075 |
||
| 942 |
_2ddc _cBOOK |
||
| 999 |
_c492996 _d492993 |
||